STN EN ISO 8847: 2005/AC: 2007 (32 3204) Malé plavidlá. Kormidlové zariadenie. Lanové ovládanie a lanové vodiace kladky (ISO 8847: 2004). Oprava AC
Oprava AC je slovenskou verziou EN ISO 8847: 2004/AC: 2005
| Corporate Author: | |
|---|---|
| Format: | Book |
| Language: | Slovak English |
| PhysicalDescription: | 4 s. 30 cm |
| Published: |
Bratislava
Slovenský ústav technickej normalizácie
2007
|
| Subjects: |
MARC
| LEADER | 00000nam a2200000 a 4500 | ||
|---|---|---|---|
| 001 | vtls009865947 | ||
| 003 | SK-MaSNL | ||
| 005 | 20260302044139.0 | ||
| 008 | 130117s2007 xo f u 000 0 slo | ||
| 015 | |a SNBN2011/03-02474 | ||
| 020 | |c (cen. skup. 5) | ||
| 035 | |a (SVKBBclas03)vtls000256349 | ||
| 040 | |a SNK |b slo |c SNK |e AACR2 | ||
| 041 | 1 | |a slo |h eng | |
| 044 | |a xo |c SK | ||
| 046 | |a s |m 200701 (účin.) | ||
| 072 | 7 | |a 629 |x Dopravné zariadenia |2 konspekt | |
| 080 | |a 629.52 |2 2001 | ||
| 080 | |a 629.061.11 |2 2001 | ||
| 080 | |a 006.86 |2 2001 | ||
| 080 | |a (4)CEN |2 2001 | ||
| 080 | |a (437.6) |2 2001 | ||
| 080 | |a (083.744) |2 2001 | ||
| 084 | |a 47.080 |2 ICS | ||
| 130 | 0 | |a STN 32 3204 (STN EN ISO 8847/AC) |9 699473 | |
| 245 | 1 | 0 | |a STN EN ISO 8847: 2005/AC: 2007 (32 3204) Malé plavidlá. Kormidlové zariadenie. Lanové ovládanie a lanové vodiace kladky (ISO 8847: 2004). Oprava AC |c [spracovateľ Slovenský ústav technickej normalizácie Bratislava] |
| 246 | 1 | 0 | |a Malé plavidlá |
| 246 | 1 | 0 | |a Kormidlové zariadenie |
| 246 | 1 | 0 | |a Lanové ovládanie a lanové vodiace kladky. Oprava AC |
| 246 | 3 | |a EN ISO 8847: 2004/AC: 2005 E | |
| 260 | |a Bratislava |b Slovenský ústav technickej normalizácie |c 2007 | ||
| 300 | |a 4 s. |c 30 cm | ||
| 520 | 8 | |a Oprava AC je slovenskou verziou EN ISO 8847: 2004/AC: 2005 | |
| 540 | |a STN vydané na akomkoľvek nosiči sa môžu rozmnožovať a rozširovať iba so súhlasom určenej právnickej osoby |b SÚTN Bratislava |c zákon 264/1999 Z.z. | ||
| 650 | 0 | 7 | |a malé plavidlá |2 SNKPH |9 51058 |
| 650 | 0 | 7 | |a Kormidlá |2 SVKBBPH |9 699474 |
| 650 | 0 | 7 | |a technické normy a štandardy |z Slovensko |2 SNKPH |9 79594 |
| 650 | 0 | 7 | |a technické normy a štandardy |z krajiny Európskej únie |2 SNKPH |9 289341 |
| 655 | 7 | |a normy |2 SNKPH |9 70643 | |
| 710 | 2 | |a Slovenský ústav technickej normalizácie (Bratislava, Slovensko). |b TK 8 Lode a plávajúce zariadenia |4 stn |4 trl |9 306947 | |
| 958 | |a OP | ||
| 999 | |c 1088821 |d 1090751 | ||
| 952 | |a SNK |b SNK |y PREZ |7 0 |p 17A0537771 |o snkSTN EN ISO 8847/AC |i snk2007/2201 |8 0 |0 0 |1 0 |4 0 |d 2007-01-24 |l 0 |r 2026-02-24 16:49:42 |w 2026-02-24 | ||
| 952 | |a SNK |b SNK |y PREZ |7 0 |p 17A0537770 |o snkSTN EN ISO 8847/AC D1 |i snk2007/2202 |8 0 |0 0 |1 0 |4 0 |d 2007-01-24 |l 0 |r 2026-02-24 16:49:42 |w 2026-02-24 | ||


